| 000 | 01398nam a2200349Ia 4500 | ||
|---|---|---|---|
| 001 | ebr10699058 | ||
| 003 | CaPaEBR | ||
| 006 | m o u | ||
| 007 | cr cn||||||||| | ||
| 008 | 080517s2008 njua sb 001 0 eng d | ||
| 020 | _z9789812818980 | ||
| 020 | _z9812818987 | ||
| 020 | _z9789812818997 | ||
| 040 |
_aCaPaEBR _cCaPaEBR |
||
| 035 | _a(OCoLC)228372377 | ||
| 050 | 1 | 4 |
_aTA1637 _b.A38 2008eb |
| 082 | 0 | 4 |
_a006.42 _223 |
| 245 | 0 | 0 |
_aAdvances in intelligent information processing _h[electronic resource] : _btools and applications / _ceditors, B. Chanda, C.A. Murthy. |
| 260 |
_aHackensack, NJ : _bWorld Scientific, _cc2008. |
||
| 300 |
_axvii, 295 p. : _bill. |
||
| 490 | 0 |
_aStatistical science and interdisciplinary research, _x1793-6195 ; _vv. 2 |
|
| 500 | _a"Platinum jubilee series." | ||
| 504 | _aIncludes bibliographical references and index. | ||
| 533 |
_aElectronic reproduction. _bPalo Alto, Calif. : _cebrary, _d2013. _nAvailable via World Wide Web. _nAccess may be limited to ebrary affiliated libraries. |
||
| 650 | 0 | _aImage processing. | |
| 650 | 0 | _aInformation storage and retrieval systems. | |
| 655 | 7 |
_aElectronic books. _2local |
|
| 700 | 1 |
_aChanda, B. _q(Bhabatosh) |
|
| 700 | 1 | _aMurthy, C. A. | |
| 710 | 2 | _aebrary, Inc. | |
| 856 | 4 | 0 |
_uhttp://site.ebrary.com/lib/rucke/Doc?id=10699058 _zAn electronic book accessible through the World Wide Web; click to view |
| 999 |
_c6586 _d6586 |
||